00529nam a2200157 a 4500008004100000020001500041050001500056100001900071245008700090260003000177300002200207350000900229650004100238650003700279650005500316120416s1972 ||||||||||||||||| || u a085468204x aDT 353 Epp aEppstein, John10aDoes God say Kill? : an investigation of the justice of current fighting in Africa aLondon:bTom Staceyc1972 a[vi], 138p. : ill a0.00 aWAR--RELIGIOUS ASPECTS--CHRISTIANITY aNATIONALISM--AFRICA, SUB-SAHARAN aINTERNATIONAL RELATIONS--MORAL AND ETHICAL ASPECTS